000 00473nam a2200145Ia 4500
008 151021s9999 xx 000 0 und d
020 _a996690980x
050 _aBF 637.O52 2009
245 _a_How to become wise A collection of Quotes, sayings and Proverbs for Teaching, Preaching and Counselling Omole Joseph
260 _aNairobi Scangraphics 2008
300 _a148p.
650 _a_Becoming wise
700 _a_Omole Daniel
980 _a^d20110308 03:59:38^oanne
999 _c6549
_d6549